| 000 | 00604nam a2200193Ia 4500 | ||
|---|---|---|---|
| 003 | IN-BaIIA | ||
| 008 | 211028s9999 xx 000 0 eng d | ||
| 040 | _cIIA Library | ||
| 080 |
_a681.3 _bARD |
||
| 100 |
_aArden, B. W. _94298 |
||
| 245 | 3 |
_aAn introduction to digital computing _c B. W. Arden |
|
| 260 |
_aReading _bAddison-Wesley _c1963 |
||
| 300 | _aix, 389p. | ||
| 490 | _aAddison-Wesley series in computer science and information processing | ||
| 650 |
_aComputers _92283 |
||
| 650 | _aDigital computers | ||
| 650 | _aNASA thesaurus | ||
| 942 | _cBK | ||
| 999 |
_c2400 _d2400 |
||